A syntax-oriented translator /

Guardado en:
Autor Principal: Ingerman, Peter Zilahy.
Formato: Libro
Idioma:English
Publicado: New York : Academic Press, 1967, c1966.
Edición:2nd print., rev.
Materias:
Etiquetas: Agregar Etiqueta
Sin Etiquetas, Sea el primero en etiquetar este registro!
LEADER 00615cam a22001935a 4500
001 MAT.inmabb005069
008 750929t19671966nyua#####b####001#0#eng##
005 20160607162750.0
245 1 2 |a A syntax-oriented translator /  |c Peter Zilahy Ingerman. 
250 |a 2nd print., rev. 
260 |a New York :  |b Academic Press,  |c 1967, c1966. 
300 |a x, 132 p. :  |b il. ;  |c 24 cm. 
504 |a Bibliografía: p. 121-125. 
100 1 |a Ingerman, Peter Zilahy. 
650 0 |a Machine translating. 
084 |a 68N20  |2 msc2000 
010 |a  66014467  
040 |a DLC  |c FTS  |d OCoLC  |d Uk  |d DLC 
859 |h 68  |i In47-2  |p A-2547  |b BIB. MATEMATICA